El periodismo y la literatura: convergencia ética en la guerra del fin del mundo y los sectores
Relaciones entre la modernidad y la posmodernidad literarias en el continente latinoamericano. El fenómeno periodístico en ambas obras. El discurso ficcional -preocupación de carácter moral-. La ética como principio regulador del comportamiento individual.
Uloženo v:
| Hlavní autor: | |
|---|---|
| Médium: | Neznámo |
| Vydáno: |
Colombia:
Universidad de Medellin,
|
| Témata: | |
| Tagy: |
Přidat tag
Žádné tagy, Buďte první, kdo vytvoří štítek k tomuto záznamu!
|
MARC
| LEADER | 000000000a22000000004500 | ||
|---|---|---|---|
| 001 | 000138 | ||
| 022 | |a 0122-9184 | ||
| 100 | 1 | |a Cano Velásquez, Luis Carlos | |
| 245 | 1 | 0 | |a El periodismo y la literatura: convergencia ética en la guerra del fin del mundo y los sectores |
| 260 | |a Colombia: |b Universidad de Medellin, | ||
| 310 | |a semestral | ||
| 520 | |a Relaciones entre la modernidad y la posmodernidad literarias en el continente latinoamericano. El fenómeno periodístico en ambas obras. El discurso ficcional -preocupación de carácter moral-. La ética como principio regulador del comportamiento individual. | ||
| 650 | 4 | |a LITERATURA | |
| 650 | 4 | |a PERIODISMO | |
| 650 | 4 | |a MODERNIDAD | |
| 773 | 0 | |t Con-Textos: Revista de Semiótica Literaria | |
| 773 | 0 | |g 6 | |
| 773 | 0 | |g 22 | |
| 773 | 0 | |g 1998 | |
| 773 | 0 | |g 110-123 | |
| 999 | |c 918 |d 918 | ||
